000 00955nam0a22002411 4500
001 rc\306454
005 20030307121927.1
035 _a(NLR Aleph) 005541907
090 _a5719293
_c5719293
100 _a20030307d1990 u |0rusy50 ca
101 0 _arus
102 _aRU
105 _ay |||||||||
200 1 _aСтатистическое изучение заболеваемости населения и профилактика болезней
_eТекст лекций [для студентов спец. 1736]
_fГос. ком. СССР по нар. образованию. Моск. экон.-стат. ин-т
210 _aМ.
_cМЭСИ
_d1990
215 _a53 с.
_d20
700 1 _aКарманов
_bМ. В.
_gМихаил Владимирович
701 1 _aМиронова
_bГ. А.
_gГалина Анатольевна
801 0 _aRU
_bNLR
_gpsbo
801 1 _aRU
_bELAR
_2rusmarc
852 _aNLR
_j91-4/1368
942 _cBOOK
980 _aNB